Relatos venezolanos : (1837 - 1910).

Guardat en:
Dades bibliogràfiques
Format: Desconegut
Idioma:Spanish
Publicat: [Lugar de publicación no identificado] : Ediciones del Congreso de la República, 1988.
Matèries:
Etiquetes: Afegir etiqueta
Sense etiquetes, Sigues el primer a etiquetar aquest registre!

MARC

LEADER 000000000a22000000004500
001 003623
020 |a 980231076X 
041 0 |a spa 
082 0 4 |a V863.4   |b R382r 
245 0 0 |a Relatos venezolanos :   |b (1837 - 1910). 
260 1 |a [Lugar de publicación no identificado] :   |b Ediciones del Congreso de la República,   |c 1988. 
300 |a 495 páginas ;   |c 22 cm. 
650 4 |a CUENTOS 
650 4 |a LITERATURA VENEZOLANA 
999 |c 10102  |d 10102 
942 |c BK  |h V863.4 R382r  |2 z